Normal view
MARC view
Entry Personal Name
001 - CONTROL NUMBER
- control field: 72212
003 - CONTROL NUMBER IDENTIFIER
- control field: dpl
005 - DATE AND TIME OF LATEST TRANSACTION
- control field: 20240930162115.0
008 - FIXED-LENGTH DATA ELEMENTS
- fixed length control field: 240930|| aca||aabn | a|a d
040 ## - CATALOGING SOURCE
- Original cataloging agency: dpl
- Transcribing agency: dpl
100 ## - HEADING--PERSONAL NAME
- Personal name: Chatterjee, Debashis
670 ## - SOURCE DATA FOUND
- Source citation: Work cat.: (dpl)206021: Rajeev, Priya Nair 72210, Being an Impact Champion:, 2022
